Տաղեր / (Record no. 107573)
[ view plain ]
| 000 -LEADER | |
|---|---|
| fixed length control field | 00700nam a2200205 a 4500 |
| 003 - CONTROL NUMBER IDENTIFIER | |
| control field | AM-YeHGA |
| 040 ## - CATALOGING SOURCE | |
| Original cataloging agency | AM-YeHGA |
| 090 ## - LOCALLY ASSIGNED LC-TYPE CALL NUMBER (OCLC); LOCAL CALL NUMBER (RLIN) | |
| -- | 108900 |
| 001 - CONTROL NUMBER | |
| control field | 000293460 |
| 005 - DATE AND TIME OF LATEST TRANSACTION | |
| control field | 20250618071914.0 |
| 008 - FIXED-LENGTH DATA ELEMENTS--GENERAL INFORMATION | |
| fixed length control field | 031212s1903 gs r 000 0 arm d |
| 041 0# - LANGUAGE CODE | |
| Language code of text/sound track or separate title | arm |
| 100 1# - MAIN ENTRY--PERSONAL NAME | |
| Personal name | Պեշիկթաշլյան, Մկրտիչ Ռափայելի, |
| Dates associated with a name | 1828-1868 |
| 245 10 - TITLE STATEMENT | |
| Title | Տաղեր / |
| Statement of responsibility, etc. | Մ. Պէշիկթաշլեան; Առաջաբ.՝ Լէօ. |
| 260 ## - PUBLICATION, DISTRIBUTION, ETC. | |
| Place of publication, distribution, etc. | Թիֆլիս : |
| Name of publisher, distributor, etc. | տպ. Վրաց. հրատ. ընկ, |
| Date of publication, distribution, etc. | 1903. |
| 300 ## - PHYSICAL DESCRIPTION | |
| Extent | 175 էջ : |
| Other physical details | 1 թ. դիմանկ. ; |
| Dimensions | 18 սմ. |
| 650 14 - SUBJECT ADDED ENTRY--TOPICAL TERM | |
| Topical term or geographic name entry element | Հայ գրականություն |
| General subdivision | Պոեզիա |
| 700 1# - ADDED ENTRY--PERSONAL NAME | |
| Personal name | Լեո, |
| Dates associated with a name | 1860-1932 |
| Relator term | առաջաբ. |
| Relationship | aui |
| 9 (RLIN) | 1729 |
| 942 ## - ADDED ENTRY ELEMENTS (KOHA) | |
| Source of classification or shelving scheme | Universal Decimal Classification |
| Koha item type | Գրքեր / Books |
| Withdrawn status | Lost status | Damaged status | Not for loan | Collection | Home library | Current library | Date acquired | Total checkouts | Full call number | Barcode | Date last seen | Price effective from | Koha item type | Public note |
|---|---|---|---|---|---|---|---|---|---|---|---|---|---|---|
| General | Fundamental Scientific Library | Fundamental Scientific Library | 22/12/2016 | AII/29229 | 220029229 | 22/12/2016 | 22/12/2016 | Գրքեր / Books | 30 Days Loan | |||||
| General | Fundamental Scientific Library | Fundamental Scientific Library | 22/12/2016 | AII/29230 | 220029230 | 22/12/2016 | 22/12/2016 | Գրքեր / Books | 30 Days Loan | |||||
| General | Fundamental Scientific Library | Fundamental Scientific Library | 22/12/2016 | AII/29231 | 220029231 | 22/12/2016 | 22/12/2016 | Գրքեր / Books | 30 Days Loan | |||||
| Kusikian Individual Collection | Fundamental Scientific Library | Fundamental Scientific Library | 16/03/2021 | Կուս/2441 | FL0638657 | 16/03/2021 | 16/03/2021 | Գրքեր / Books | ILL Non Circ |
ՀՀ Գիտությունների ազգային ակադեմիայի հիմնարար գիտական գրադարան = Fundamental Scientific Library of NAS RA
All site content, except where otherwise noted, is licensed under a